Elementos de física y química; tercer año /

Guardado en:
Autor Principal: Vidal, Jorge
Formato: Libro
Publicado: Buenos Aires : Stella, 1065
Edición:11a. ed.
Materias:
Etiquetas: Agregar Etiqueta
Sin Etiquetas, Sea el primero en etiquetar este registro!
LEADER 00513nam a22001815a 4500
001 CEM.cems006548
005 20060214000000.0
008 130507s1065##################000#0#####d
003 CEMS
082 0 4 |a 541 
100 1 |a Vidal, Jorge 
245 1 0 |a Elementos de física y química; tercer año / 
250 |a 11a. ed. 
260 |a Buenos Aires :  |b Stella,  |c 1065 
300 |a 195 p. 
653 |a Física y química 
653 |a Física y química 3er. año 
859 |a CEMS  |b BIB. CEMS - 11 de abril  |h 541  |i V667a11  |p 5072.76  |t Ej.1